| 000 | 01088nac a22002891u 4500 | ||
|---|---|---|---|
| 003 | OSt | ||
| 005 | 20221016102023.0 | ||
| 008 | 221016t1992 nyua f b 001 0 eng d | ||
| 020 | _a0070053995 | ||
| 020 | _a9780070053991 | ||
| 040 |
_aEG-ScBUE _beng _erda _cEG-ScBUE _dEG-ScBUE |
||
| 082 | 0 | 4 |
_a720.68 _bBIR _222 |
| 245 | 0 | 0 |
_aNew directions in architectural and engineering practice / _cHoward G. Birnberg, editor, Bimberg & Associates, Chicago, Illinois. |
| 264 | 1 |
_aNew York : _bMcGraw-Hill, _c[1992] |
|
| 264 | 4 | _cc1992 | |
| 300 |
_axv, 285 pages : _billustrations ; _c29 cm |
||
| 500 | _aCover title: New directions in architectural & engineering practice. | ||
| 500 | _aDistributer: Al-Ahram. | ||
| 504 | _aIncludes bibliographical references and index. | ||
| 650 | 7 |
_aArchitectural firms _zUnited States _xManagement. _2BUEsh |
|
| 650 | 7 |
_aEngineering firms _zUnited States _xManagement. _2BUEsh |
|
| 653 | _bENGARC | ||
| 655 | _vReading book | ||
| 700 | 1 |
_aBirnberg, Howard G., _eeditor. |
|
| 740 | 0 | _aNew directions in architectural & engineering practice. | |
| 942 |
_cBB _2ddc |
||
| 999 |
_c7076 _d7076 |
||